[Event "GER-chT U14"]
[Site "Willingen"]
[Date "2021.06.26"]
[Round "5.7"]
[White "Brinkschroeder, Josh"]
[Black "Polzin, Gustav"]
[Result "0-1"]
[WhiteElo "1568"]
[BlackElo "1566"]
[PlyCount "70"]
[EventDate "2021.06.23"]
[EventType "team-swiss"]
[EventRounds "7"]
[EventCountry "GER"]
[SourceTitle "EXT 2022"]
[Source "ChessBase"]
[SourceDate "2021.10.06"]
[SourceVersion "1"]
[SourceVersionDate "2021.10.06"]
[SourceQuality "1"]
[WhiteTeam "Paderborn"]
[BlackTeam "Halle USV"]
[WhiteTeamCountry "GER"]
[BlackTeamCountry "GER"]

1. d4 Nf6 2. Nf3 c5 3. g3 e6 4. Bg2 Nc6 5. 0-0 Be7 6. c4 0-0 7. Nc3 d5 8. cxd5 Nxd5 9. e3 b6 10. Nxd5 exd5 11. a3 Bg4 12. Qb3 Qd7 13. Qd3 Bf6 14. Ne5 Bxe5 15. dxe5 Nxe5 16. Qxd5 Qxd5 17. Bxd5 Rad8 18. Bg2 Nd3 19. f3 Bc8 20. Rd1 h6 21. Rb1 Bb7 22. e4 f5 23. Be3 Rfe8 24. Rd2 fxe4 25. fxe4 Bxe4 26. Bxe4 Rxe4 27. Bf4 Rdd4 28. Bb8 Re7 29. Rbd1 Red7 30. Bxa7 Nxb2 31. Rxd4 cxd4 32. Rd2 Nc4 33. Rc2 d3 34. Rxc4 d2 35. Rc8+ Kh7 0-1

[Event "GER-chT U14"]
[Site "Willingen"]
[Date "2021.06.25"]
[Round "4.8"]
[White "Krishnachandran, Srihari"]
[Black "Brinkschroeder, Josh"]
[Result "1-0"]
[WhiteElo "1323"]
[BlackElo "1568"]
[PlyCount "79"]
[EventDate "2021.06.23"]
[EventType "team-swiss"]
[EventRounds "7"]
[EventCountry "GER"]
[SourceTitle "EXT 2022"]
[Source "ChessBase"]
[SourceDate "2021.10.06"]
[SourceVersion "1"]
[SourceVersionDate "2021.10.06"]
[SourceQuality "1"]
[WhiteTeam "Duesseldorf SV"]
[BlackTeam "Paderborn"]
[WhiteTeamCountry "GER"]
[BlackTeamCountry "GER"]

1. e4 e6 2. d4 d5 3. Nc3 dxe4 4. Nxe4 Nd7 5. Nf3 Ngf6 6. Nxf6+ Nxf6 7. c3 c5 8. g3 b6 9. Bg2 Bb7 10. 0-0 Qc7 11. dxc5 Bxc5 12. Bf4 Qd8 13. Qa4+ Qd7 14. Qc2 Bd5 15. Ne5 Qb7 16. Bxd5 Nxd5 17. Qe4 0-0 18. c4 Rfe8 19. cxd5 exd5 20. Qf3 g5 21. Qg4 f6 22. Nd3 h5 23. Qxh5 gxf4 24. Nxf4 Re5 25. Qg6+ Qg7 26. Qxg7+ Kxg7 27. Rad1 d4 28. Rfe1 Rae8 29. Nd3 R5e7 30. Rxe7+ Rxe7 31. Re1 Rxe1+ 32. Nxe1 Kg6 33. Kg2 Kf5 34. Kf3 Bd6 35. Nd3 Be5 36. a4 Kg5 37. h3 Bd6 38. Ke4 Be5 39. f4+ Bxf4 40. Nxf4 1-0

[Event "GER-chT U14"]
[Site "Willingen"]
[Date "2021.06.24"]
[Round "1.10"]
[White "Brinkschroeder, Josh"]
[Black "Dick, Fabian"]
[Result "1-0"]
[WhiteElo "1568"]
[BlackElo "1220"]
[PlyCount "77"]
[EventDate "2021.06.23"]
[EventType "team-swiss"]
[EventRounds "7"]
[EventCountry "GER"]
[SourceTitle "EXT 2022"]
[Source "ChessBase"]
[SourceDate "2021.10.06"]
[SourceVersion "1"]
[SourceVersionDate "2021.10.06"]
[SourceQuality "1"]
[WhiteTeam "Paderborn"]
[BlackTeam "Weingarten"]
[WhiteTeamCountry "GER"]
[BlackTeamCountry "GER"]

1. d4 d6 2. Bf4 Nf6 3. e3 Nc6 4. c3 Bg4 5. Be2 Qd7 6. Nd2 Bf5 7. Ngf3 e6 8. h3 Be7 9. Nh4 Be4 10. Nhf3 Nh5 11. Nxe4 Nxf4 12. exf4 d5 13. Nc5 Bxc5 14. dxc5 Ne7 15. Qb3 c6 16. Rd1 Qc7 17. 0-0 Rb8 18. g3 f5 19. c4 h6 20. Qc3 Rg8 21. Qe5 Kd7 22. Qxc7+ Kxc7 23. Ne5 g5 24. fxg5 Rxg5 25. Rfe1 f4 26. Nf3 Rg7 27. g4 Rf8 28. Nd4 Kd7 29. Bd3 Rf6 30. f3 h5 31. Re5 hxg4 32. hxg4 Rh6 33. Rde1 Nf5 34. Bxf5 Rh4 35. Nxe6 Rg8 36. Nf8+ Kc7 37. Re7+ Kb8 38. Re8+ Kc7 39. R1e7# 1-0

[Event "GER-chT U14"]
[Site "Magdeburg"]
[Date "2018.12.28"]
[Round "4.4"]
[White "Brinkschroeder, Josh"]
[Black "Maas, Kolja"]
[Result "0-1"]
[WhiteElo "1198"]
[BlackElo "1573"]
[PlyCount "80"]
[EventDate "2018.12.27"]
[EventType "team-swiss"]
[EventRounds "7"]
[EventCountry "GER"]
[SourceTitle "CBM 188 Extra"]
[Source "ChessBase"]
[SourceDate "2019.02.28"]
[SourceVersion "1"]
[SourceVersionDate "2019.02.28"]
[SourceQuality "1"]
[WhiteTeam "Paderborn"]
[BlackTeam "Luebeck"]
[WhiteTeamCountry "GER"]
[BlackTeamCountry "GER"]

1. d4 Nf6 2. Nf3 g6 3. c4 Bg7 4. Nc3 0-0 5. e4 d6 6. Be2 Nbd7 7. h3 e5 8. d5 b6 9. Be3 Qe7 10. Qc2 Bb7 11. 0-0-0 a5 12. Kb1 Nc5 13. Nd2 c6 14. g4 cxd5 15. exd5 Bc8 16. g5 Bf5 17. Qxf5 gxf5 18. gxf6 Qxf6 19. Rhg1 f4 20. Bxc5 bxc5 21. Nde4 Qe7 22. Nb5 Rad8 23. h4 h6 24. h5 f5 25. Nec3 e4 26. Bf1 e3 27. fxe3 fxe3 28. Re1 Kh7 29. Rg3 f4 30. Rg6 Rf6 31. Rg4 Kh8 32. Bd3 Qe5 33. Ne4 Rf7 34. Nbc3 Qxh5 35. Reg1 f3 36. R4g3 e2 37. Nf2 Bd4 38. Nce4 Qh2 39. Nh3 Bxg1 40. Nxg1 e1Q# 0-1

[Event "GER-chT U10"]
[Site "Magdeburg"]
[Date "2016.12.29"]
[Round "7.4"]
[White "Brinkschroeder, Josh"]
[Black "Varykhalov, Roman"]
[Result "1-0"]
[WhiteElo "1139"]
[BlackElo "803"]
[PlyCount "28"]
[EventDate "2016.12.27"]
[EventType "team-swiss"]
[EventRounds "7"]
[EventCountry "GER"]
[SourceTitle "EXT 2018"]
[Source "ChessBase"]
[SourceDate "2017.10.13"]
[SourceVersion "1"]
[SourceVersionDate "2017.10.13"]
[SourceQuality "1"]
[WhiteTeam "Paderborn Akademie"]
[BlackTeam "Kreuzberg"]
[WhiteTeamCountry "GER"]
[BlackTeamCountry "GER"]

1. d4 d5 2. Bf4 Nf6 3. Nf3 Nc6 4. e3 e6 5. c3 Bd6 6. Bg3 Ne4 7. Nbd2 Nxd2 8. Qxd2 0-0 9. Qd3 g6 10. 0-0-0 Bxg3 11. hxg3 Qd6 12. Ng5 h5 13. Be2 Qe7 14. f4 Qd8 1-0

[Event "GER-chT U10"]
[Site "Magdeburg"]
[Date "2016.12.28"]
[Round "5.4"]
[White "Beck, Felix"]
[Black "Brinkschroeder, Josh"]
[Result "1/2-1/2"]
[WhiteElo "1254"]
[BlackElo "1139"]
[PlyCount "46"]
[EventDate "2016.12.27"]
[EventType "team-swiss"]
[EventRounds "7"]
[EventCountry "GER"]
[SourceTitle "EXT 2018"]
[Source "ChessBase"]
[SourceDate "2017.10.13"]
[SourceVersion "1"]
[SourceVersionDate "2017.10.13"]
[SourceQuality "1"]
[WhiteTeam "Berlin Nord Ost"]
[BlackTeam "Paderborn Akademie"]
[WhiteTeamCountry "GER"]
[BlackTeamCountry "GER"]

1. c4 c5 2. g3 g6 3. Bg2 Bg7 4. Nc3 Nc6 5. e3 e5 6. Nge2 Nge7 7. d3 0-0 8. 0-0 d6 9. f4 Be6 10. Qc2 Qd7 11. b3 Bh3 12. Bb2 Bxg2 13. Kxg2 d5 14. e4 d4 15. Nd5 Nxd5 16. cxd5 Nb4 17. Qd2 f5 18. a3 Na6 19. fxe5 Bxe5 20. Nf4 fxe4 21. dxe4 Qg4 22. Rae1 Rf7 23. Ne6 Raf8 1/2-1/2

[Event "GER-chT U10"]
[Site "Magdeburg"]
[Date "2016.12.28"]
[Round "3.4"]
[White "Brinkschroeder, Josh"]
[Black "Oehring, Claus Ferdinand"]
[Result "1-0"]
[WhiteElo "1139"]
[BlackElo "923"]
[PlyCount "91"]
[EventDate "2016.12.27"]
[EventType "team-swiss"]
[EventRounds "7"]
[EventCountry "GER"]
[SourceTitle "EXT 2018"]
[Source "ChessBase"]
[SourceDate "2017.10.13"]
[SourceVersion "1"]
[SourceVersionDate "2017.10.13"]
[SourceQuality "1"]
[WhiteTeam "Paderborn Akademie"]
[BlackTeam "Muenchen Suedost"]
[WhiteTeamCountry "GER"]
[BlackTeamCountry "GER"]

1. d4 d5 2. Bf4 Bf5 3. Nf3 Nc6 4. c3 Nf6 5. e3 e6 6. Bb5 Qd7 7. Ne5 Qe7 8. Nxc6 bxc6 9. Bxc6+ Nd7 10. Bxa8 Qd8 11. Bc6 Bd6 12. Bxd6 cxd6 13. 0-0 Qc8 14. Bxd7+ Qxd7 15. Nd2 Qb5 16. b3 Bd3 17. Re1 Qc6 18. Rc1 Qa6 19. Nf3 Be4 20. a4 Bxf3 21. Qxf3 e5 22. Qxd5 0-0 23. dxe5 dxe5 24. Qxe5 Qb7 25. Qb5 Rb8 26. Qxb7 Rxb7 27. Red1 h6 28. b4 Kf8 29. Rd4 a6 30. Rcd1 Ke7 31. g3 Ra7 32. Rd6 a5 33. bxa5 Rxa5 34. c4 Rxa4 35. c5 Ra7 36. c6 Rc7 37. Rd7+ Rxd7 38. Rxd7+ Ke8 39. Rd3 Kf8 40. c7 Kg8 41. c8Q+ Kh7 42. Qc4 f6 43. Qe4+ Kg8 44. Qg6 Kf8 45. Rd7 h5 46. Qf7# 1-0

[Event "GER-chT U10"]
[Site "Magdeburg"]
[Date "2016.12.28"]
[Round "4.4"]
[White "Eichhorn, Valentin"]
[Black "Brinkschroeder, Josh"]
[Result "0-1"]
[WhiteElo "989"]
[BlackElo "1139"]
[PlyCount "63"]
[EventDate "2016.12.27"]
[EventType "team-swiss"]
[EventRounds "7"]
[EventCountry "GER"]
[SourceTitle "EXT 2018"]
[Source "ChessBase"]
[SourceDate "2017.10.13"]
[SourceVersion "1"]
[SourceVersionDate "2017.10.13"]
[SourceQuality "1"]
[WhiteTeam "Karlsruhe SF"]
[BlackTeam "Paderborn Akademie"]
[WhiteTeamCountry "GER"]
[BlackTeamCountry "GER"]

1. d4 d5 2. Nf3 Bf5 3. Bf4 Nf6 4. e3 e6 5. Bd3 Bg6 6. c3 Bd6 7. Bg3 Qe7 8. Qc2 Ne4 9. Nbd2 Nxg3 10. hxg3 Bxd3 11. Qxd3 g6 12. 0-0-0 Nd7 13. Kb1 0-0-0 14. Rhe1 e5 15. Qc2 e4 16. Nh2 c6 17. Qa4 Kb8 18. Nb3 Nb6 19. Qa5 Bc7 20. Qa3 Bd6 21. Qa5 Nc4 22. Qa4 a6 23. Nd2 Nb6 24. Qb3 Bc7 25. Qc2 h5 26. Rh1 h4 27. Nhf1 hxg3 28. Nxg3 Bxg3 29. fxg3 Qg5 30. Rxh8 Rxh8 31. Nf1 Nc4 32. Qb3 0-1

[Event "GER-chT U10"]
[Site "Magdeburg"]
[Date "2016.12.27"]
[Round "2.4"]
[White "Hellwig, Konstantin Joshua"]
[Black "Brinkschroeder, Josh"]
[Result "0-1"]
[WhiteElo "908"]
[BlackElo "1139"]
[PlyCount "59"]
[EventDate "2016.12.27"]
[EventType "team-swiss"]
[EventRounds "7"]
[EventCountry "GER"]
[SourceTitle "EXT 2018"]
[Source "ChessBase"]
[SourceDate "2017.10.13"]
[SourceVersion "1"]
[SourceVersionDate "2017.10.13"]
[SourceQuality "1"]
[WhiteTeam "Magdeburg Schachzwerge"]
[BlackTeam "Paderborn Akademie"]
[WhiteTeamCountry "GER"]
[BlackTeamCountry "GER"]

1. e4 e6 2. Nc3 d5 3. Nf3 dxe4 4. Nxe4 Nd7 5. Bb5 c6 6. Bc4 Ngf6 7. d3 Be7 8. 0-0 Nxe4 9. dxe4 0-0 10. c3 Nf6 11. Bg5 h6 12. Bf4 Nxe4 13. Qe2 Nf6 14. Rad1 Qb6 15. b3 Rd8 16. Nh4 g5 17. Be3 gxh4 18. Bxb6 axb6 19. Rxd8+ Bxd8 20. Qd2 Bc7 21. Qxh6 Ng4 22. Qg5+ Kf8 23. Qxg4 b5 24. Bd3 Rxa2 25. Qxh4 Bd7 26. Re1 c5 27. Qg5 Bb6 28. b4 c4 29. Re2 Ra1+ 30. Re1 0-1

[Event "GER-chT U10"]
[Site "Magdeburg"]
[Date "2014.12.28"]
[Round "4.4"]
[White "Lorenz, Anouk"]
[Black "Brinkschroeder, Josh"]
[Result "1-0"]
[WhiteElo "865"]
[BlackElo "779"]
[PlyCount "63"]
[EventDate "2014.12.27"]
[EventType "team-swiss"]
[EventRounds "7"]
[EventCountry "GER"]
[SourceTitle "EXT 2016"]
[Source "ChessBase"]
[SourceDate "2015.10.08"]
[SourceVersion "1"]
[SourceVersionDate "2015.10.08"]
[SourceQuality "1"]
[WhiteTeam "Saalfeld"]
[BlackTeam "Paderborn II"]
[WhiteTeamCountry "GER"]
[BlackTeamCountry "GER"]

1. e4 e6 2. Bc4 Bc5 3. Nf3 Nf6 4. Nc3 Nc6 5. d3 0-0 6. Be3 Bb6 7. Qd2 Qe7 8. 0-0-0 Ng4 9. h3 Nxe3 10. fxe3 Na5 11. Nb5 Nxc4 12. dxc4 c6 13. Nbd4 Qc5 14. Qd3 Qb4 15. Nb3 d5 16. exd5 exd5 17. Ng5 g6 18. Qe2 Ba5 19. Qf2 Qa4 20. Qh4 h5 21. a3 b5 22. Nxa5 dxc4 23. g4 Kg7 24. Rdf1 f6 25. Ne4 f5 26. Nd6 Bd7 27. gxh5 Rh8 28. Rfg1 Rxh5 29. Qxh5 Kf8 30. Qh7 Be6 31. Rxg6 f4 32. Qg7# 1-0